000 00886nam a22001937a 4500
005 20231206122647.0
010 _aHIN-126459
020 _a9789392715198
_c595.00
035 _aHN-98805
037 _bDBAD/PUB
082 _a330.954
100 _aवीरेन्द्र सिंह
_959566
245 _aभारतीय अर्थव्यवस्था की विकास गाथा/
_cवीरेन्द्र सिंह
250 _aप्रथम
260 _aदिल्ली
_bग्लोबल हारमनी पब्लिशर्स
_c2023
270 _bदिल्ली
_a1376,अप्पर मैज्ज़ेनाइन फ्लोर, कश्मीरी गेट
_e110006
300 _a207पृ.;
_c23 से.मी.(सजिल्द)
942 _2ddc
_cHN
_mवीरेन्द्र
_h330.954
999 _c199477
_d199477